| 000 | 01093nam a2200253Ia 4500 | ||
|---|---|---|---|
| 001 | 296.2-FLU da fo (22731) | ||
| 003 | IT-MiSPE | ||
| 008 | 171229s9999||||xx |||||||||||||| ||und|| | ||
| 040 |
_aIT-MiSPE _cIT-MiSPE |
||
| 041 | _aITALIANO | ||
| 100 | _aDavid Flusser | ||
| 240 | _aJewish sources in early christianity | ||
| 245 | 0 | _aLe fonti ebraiche del cristianesimo delle origini | |
| 250 | _a1a ed. (v) | ||
| 260 |
_aMilano _bGribaudi _c2005 |
||
| 300 |
_a80 p. _c19 cm |
||
| 500 | _aEbraismo e critianesimo | ||
| 501 | _aEdizioni San Paolo srl - Piazza Soncino, 5 - 20092 CINISELLO BALSAMO (MI) (non commercial uses only) ® Copyright 2018 | ||
| 520 | _aIll. | ||
| 700 |
_aRoberto Tonetti _g(traduzione) |
||
| 942 | _cBK | ||
| 957 | _71 | ||
| 999 |
_a17197 _bNO _g Copie: 1 _c350201 _d350201 |
||